<?xml version="1.0" encoding="UTF-8"?>
<collection xmlns="http://www.loc.gov/MARC21/slim">
  <record>
    <leader>00000nam  2200000   4500</leader>
    <controlfield tag="001">INLIS000000000047553</controlfield>
    <controlfield tag="005">20201105090758</controlfield>
    <datafield tag="035" ind1="#" ind2="#">
      <subfield code="a">0010-011600000000011</subfield>
    </datafield>
    <controlfield tag="008">201105################g##########0#ind##</controlfield>
    <datafield tag="082" ind1="#" ind2="#">
      <subfield code="a">321.4</subfield>
    </datafield>
    <datafield tag="090" ind1="#" ind2="#">
      <subfield code="a">321.4 Dah s</subfield>
    </datafield>
    <datafield tag="100" ind1="#" ind2="#">
      <subfield code="a">Dahl,Robert A,</subfield>
    </datafield>
    <datafield tag="245" ind1="1" ind2="#">
      <subfield code="a">Sesudah Revolusi Usai ? :</subfield>
      <subfield code="b">Kewenangan dalam masyarakat yang baik /</subfield>
      <subfield code="c">Robert A.Dahl editor, Herman Sinaga</subfield>
    </datafield>
    <datafield tag="260" ind1="#" ind2="#">
      <subfield code="a">Jakarta :</subfield>
      <subfield code="b">Erlangga,</subfield>
      <subfield code="c">1988</subfield>
    </datafield>
    <datafield tag="300" ind1="#" ind2="#">
      <subfield code="a">92 hlm ;</subfield>
      <subfield code="c">18 x 12 cm</subfield>
    </datafield>
    <datafield tag="084" ind1="#" ind2="#">
      <subfield code="a">321.4 DAH s</subfield>
    </datafield>
    <datafield tag="650" ind1="#" ind2="4">
      <subfield code="a">Politik-Demokrasi</subfield>
    </datafield>
    <datafield tag="700" ind1=" " ind2="#">
      <subfield code="a">Herman Sinaga</subfield>
    </datafield>
    <datafield tag="504" ind1="#" ind2="#">
      <subfield code="a">Bibliografi</subfield>
    </datafield>
    <datafield tag="990" ind1="#" ind2="#">
      <subfield code="a">67.846/Pro94</subfield>
    </datafield>
  </record>
</collection>
